01110nam a2200253Ia 4500003000900000008004100009020001800050040001600068080002400084111007800108245018100186260003700367300001500404490009000419650002600509650004100535650002300576650002900599700003200628710004000660942000700700999001700707952013200724IN-BaIIA211028s9999 xx 000 0 eng d a0-7923-0907-3 cIIA Library a524.382(082.2)bACT aNATO advanced study institute ConferencecTurkeyd1989 Sept. 11-22917274 0aActive close binariesbproceedings of the NATO advanced study institute held in Kusadasi, Turkey, 11-22 Sept 1989cedited by Cafer Ibanoglu  aDordrechtbKluwer Academicc1990 axvi, 913p. aNATO advanced institute series. Series C : mathematical and physical sciences; v. 319 aAccretion disks98621 aAstronomy and astrophysics thesaurus aBinary stars91185 aClose binary stars93592 aIbanoglu, Cafer, ed.917275 aNATO advanced study institute95368 cBK c10182d10182 00104070aBANbBANcGENd1991-07-04g4332.00l0o524.382(082.2)/ ACTp11092r2021-11-05v4332.00w1991-07-04yBKGRs. 4332.00